MARC details
| 010 ## - Numéro international normalisé du livre (ISBN) |
| ISBN |
9782330208592 |
| Disponibilité et/ou prix |
12 EUR |
| 010 ## - Numéro international normalisé du livre (ISBN) |
| ISBN |
2330208596 |
| 099 ## - Visibilité opac |
| notice masquée en opac |
Non |
| 100 ## - Données générales de traitement |
| Données générales de traitement |
20251013h20252025m y0frey50 ba |
| 101 0# - Langue de la ressource |
| Langue du texte, de la bande son, etc. |
français |
| 102 ## - Pays de publication ou de production |
| Pays de publication |
France |
| 200 1# - Titre et mention de responsabilité |
| Titre propre |
Fadhila |
| Indication générale du type de document |
Livre |
| 214 #0 - Mentions de production, publication, diffusion et manufacture |
| Nom de l’éditeur |
Actes Sud |
| Date de publication |
DL 2025 |
| 215 ## - Description physique |
| Nombre de pages |
1 vol. (59 pages) |
| 225 0# - Collection |
| Titre de la collection |
Actes sud-Papiers |
| 323 ## - Nombre de personnages |
| Texte de la note |
9 personnages |
| 330 ## - Résumé ou extrait |
| Texte de la note |
Une famille tenue d’une main de fer par Fadhila se trouve corrompue par l’intégrisme islamique. Pour éviter que la gangrène ne ronge toute la descendance, Fadhila se résout, dans un ultime élan d’amour maternel, à commettre l’irréparable.<br/>Aristide Tarnagda porte une langue créolisée, où les images métaphoriques provoquent de doux soufflets.<br/>“Ton visage n’aimait pas mon silence, mais au moins le silence ne tremblait pas. Le silence ne me trahissait pas. Il venait toujours quand les mots, eux, se terraient dans mon ventre. Mais puisqu’aujourd’hui, comme ton père, tu choisis de me tourner le dos, je vais laisser les mots remonter à la surface et nager jusqu’à ton âme.” |
| 610 ## - Mot-clé |
| Mot-clé |
Afrique |
| 700 #1 - Auteur principal |
| Nom |
Tarnagda |
| Prénom |
Aristide |
| Dates |
1983-.... |
| 105 ## - Zone de données codées : textes, monographies |
| Données codées sur les monographies textuelles |
y z 000by |
| 181 ## - Zone de données codées : Forme de la ressource |
| Données de liaison entre champs |
z01 |
| Autre référentiel utilisé pour coder la forme du contenu |
texte |
| Code du référentiel |
rdacontent |
| 181 #1 - Zone de données codées : Forme de la ressource |
| Données de liaison entre champs |
z01 |
| Forme du contenu selon l’ISBD sous forme codée |
i# |
| Qualificatif(s) du contenu selon l’ISBD sous forme codée |
xxxe## |
| 182 ## - Zone de données codées : type de média |
| Données de liaison entre champs |
z01 |
| Autre référentiel utilisé pour coder le type de médiation |
sans média |
| Code du référentiel |
rdamedia |
| 182 #1 - Zone de données codées : type de média |
| Données de liaison entre champs |
z01 |
| Type de médiation selon l’ISBD sous forme codée |
sans média |
| 183 #1 - Zone de données codées : Type de carrière |
| Données de liaison entre champs |
z01 |
| Type de support sous forme codée |
nga |
| Code du référentiel |
RDAfrCarrier |
| 214 #0 - Mentions de production, publication, diffusion et manufacture |
| Lieu de publication, production, distribution/diffusion, fabrication |
Arles |
| 215 ## - Description physique |
| Autres caractéristiques matérielles |
couv. ill. en coul. |
| Dimensions |
21 cm |
| 225 0# - Collection |
| ISSN de la collection |
0298-0592 |
| 410 ## - Collection |
| Identifiant de la notice bibliographique liée |
001021583 |
| 410 ## - Collection |
| Titre de l'oeuvre |
Théâtre (Paris. 1985) |
| ISSN |
0298-0592 |
| 608 ## - Vedette de Forme, Genre ou Caractéristiques physiques |
| Identifiant de la notice d'autorité |
027331954 |
| Élément d'entrée |
Théâtre (genre littéraire) |
| Identifiant de la notice d'autorité |
027261689 |
| Subdivision géographique |
Burkina Faso |
| Identifiant de la notice d'autorité |
050665391 |
| Subdivision chronologique |
2000-.... |
| Code du format utilisé |
rameau |
| 676 ## - Classification décimale de Dewey |
| Indice |
842 |
| 680 ## - Classification de la Bibliothèque du Congrès |
| Indice |
PQ3989.3.T37 |
| Numéro de livre |
F33 2025 |
| 700 #1 - Auteur principal |
| Identifiant de la notice d'autorité |
145886301 |
| Code de fonction |
Auteur |
| 801 #3 - Origine de la notice |
| Pays |
FR |
| Agence de catalogage |
Abes |
| Date de la transaction |
20251013 |
| Règles de catalogage utilisées |
AFNOR |
| 801 #0 - Origine de la notice |
| Agence de catalogage |
AUXAM |
| Règles de catalogage utilisées |
AACR2 |
| 801 #2 - Origine de la notice |
| Agence de catalogage |
COD |
| Règles de catalogage utilisées |
AACR2 |
| 000 -Etiquette de la notice |
| Leader |
01998nam0a2200481 4500 |
| 003 - Identifiant de la notice |
| Identifiant |
http://www.sudoc.fr/291100821 |
| 005 - Identifiant de la version |
| Identifiant |
20260129123709.0 |
| 035 ## - Identifiant de la notice dans un autre système |
| Identifiant de la notice dans un autre système |
(OCoLC)1544960123 |
| 035 ## - Identifiant de la notice dans un autre système |
| Identifiant de la notice dans un autre système |
on1536182361 |